|
|
|
|
| LEADER |
00000nam a2200000 4500 |
| 001 |
vtls011742246 |
| 003 |
SK-MaSNL |
| 005 |
20260425233530.0 |
| 008 |
200104s2016 gw da f f 000 0 eng |
| 015 |
|
|
|a SNBZSA2018/03
|
| 020 |
|
|
|a 9783659979132
|q (brožované)
|
| 035 |
|
|
|a urn:nbn:sk:snk-am00d2ef
|
| 035 |
|
|
|a urn:nbn:sk:snk-am3hjdf
|
| 035 |
|
|
|a 00CC9AA6-60C2-47E5-8B14-8EAD90FF0E23
|
| 040 |
|
|
|a SNK
|b slo
|c SNK
|e rda
|
| 041 |
0 |
|
|a eng
|
| 043 |
|
|
|a e-xo---
|
| 044 |
|
|
|a gw
|c DE
|
| 072 |
|
7 |
|a 658
|x Riadenie a správa podniku
|2 konspekt
|
| 080 |
|
|
|a 338.26
|2 2011
|
| 080 |
|
|
|a 005
|2 2011
|
| 080 |
|
|
|a 658.8
|2 2011
|
| 080 |
|
|
|a 658.849.2
|2 2011
|
| 080 |
|
|
|a 338.45
|2 2011
|
| 080 |
|
|
|a (078.7)
|2 2011
|
| 080 |
|
|
|a (437.6)
|2 2011
|
| 100 |
1 |
|
|a Csikósová, Adriana,
|d 1956-
|4 aut
|9 1634966
|
| 245 |
1 |
0 |
|a Industrial marketing
|b case study Slovakia
|c Adriana Csikosova, Maria Janoskova, Katarina Culkova
|
| 264 |
|
1 |
|a Saarbrücken
|b LAP LAMBERT Academic Publishing
|c 2016
|
| 300 |
|
|
|a 85 strán
|b grafy, schémy, tabuľky
|c 22 cm
|
| 336 |
|
|
|a text
|b txt
|2 rdacontent
|
| 337 |
|
|
|a bez média
|b n
|2 rdamedia
|
| 338 |
|
|
|a zväzok
|b nc
|2 rdacarrier
|
| 504 |
|
|
|a Bibliografia na strane 79-85
|
| 650 |
0 |
7 |
|a hospodárske plánovanie
|2 SNKPH
|9 2285
|
| 650 |
0 |
7 |
|a Economic planning
|2 SNKPHeng
|9 325273
|
| 650 |
0 |
7 |
|a manažment
|2 SNKPH
|9 922
|
| 650 |
0 |
7 |
|a Management
|2 SNKPHeng
|9 265406
|
| 650 |
0 |
7 |
|a marketing
|2 SNKPH
|9 2299
|
| 650 |
0 |
7 |
|a marketing
|2 SNKPHeng
|9 2299
|
| 650 |
0 |
7 |
|a priemyselný marketing
|2 SNKPH
|9 121697
|
| 650 |
0 |
7 |
|a Industrial marketing
|2 SNKPHeng
|9 355404
|
| 650 |
0 |
7 |
|a priemysel
|2 SNKPH
|9 1618
|
| 650 |
0 |
7 |
|a Industries
|2 SNKPHeng
|9 266449
|
| 651 |
|
7 |
|a Slovensko
|2 SNKPH
|9 14231
|
| 651 |
|
7 |
|a Slovakia
|2 SNKPHeng
|9 92630
|
| 655 |
|
7 |
|a prípadové štúdie
|2 SNKPH
|9 70498
|
| 655 |
|
7 |
|a Case studies
|2 SNKPHeng
|9 302769
|
| 700 |
1 |
|
|a Čulková, Katarína
|4 aut
|9 323343
|
| 700 |
1 |
|
|a Janošková, Mária Ria,
|d 1965-
|4 aut
|9 201115
|
| 919 |
|
|
|a 978-3-659-97913-2
|
| 958 |
|
|
|a ZS
|
| 958 |
|
|
|a NB
|
| 999 |
|
|
|c 768593
|d 770523
|
| 952 |
|
|
|a SNK
|b SNK
|y NEVYP
|7 1
|p 17A1321119
|o snkSC 178298
|i snk2018/4630
|8 4
|g 34.00
|0 0
|1 0
|4 0
|d 2018-02-19
|f 1
|l 0
|r 2025-09-19 00:00:00
|w 2026-02-24
|